书目信息 |
| 题名: |
家居装潢百事通:装潢设计专家答问190例
|
|
| 作者: | 张龙明 , 潘延平 主编 | |
| 分册: | ||
| 出版信息: | 上海 同济大学出版社 1999.07 |
|
| 页数: | 184页 | |
| 开本: | 16开 | |
| 丛书名: | ||
| 单 册: | ||
| 中图分类: | TU238 | |
| 科图分类: | ||
| 主题词: | 建筑设计 | |
| 电子资源: | ||
| ISBN: | 7-5608-2078-6 | |
| 000 | 00671nam0 2200205 45 | |
| 001 | 0007201859 | |
| 005 | 20001114183423.5 | |
| 010 | @a7-5608-2078-6@d27.00元 | |
| 100 | @a20000720d1999 km y0chiy0120 ea | |
| 101 | 0 | @achi |
| 105 | @a z 000yy | |
| 200 | 1 | @a家居装潢百事通:装潢设计专家答问190例@AJia Ju Zhuang Huang Bai Shi Tong:Zhuang Huang She JiZhuan Jia Da Wen 190 Li@f张龙明,潘延平主编@FZhang Long Ming,Pan Yan Ping Zhu Bian |
| 210 | @a上海@c同济大学出版社@d1999.07 | |
| 215 | @a184页@d16开 | |
| 606 | 0 | @a建筑设计 |
| 690 | @aTU238@v3 | |
| 701 | 0 | @a张龙明@4主编 |
| 701 | 0 | @a潘延平@4主编 |
| 801 | @aCN@bPftUser@c20000720 | |
| 905 | @dTU238@eH967@b404880-884@f5 | |
| 家居装潢百事通:装潢设计专家答问190例/张龙明,潘延平主编.-上海:同济大学出版社,1999.07 |
| 184页;16开 |
| ISBN 7-5608-2078-6:27.00元 |
| ● |
| 相关链接 |
|
|
|
正题名:家居装潢百事通:装潢设计专家答问190例
索取号:TU238/H967
 
预约/预借
| 序号 | 登录号 | 条形码 | 馆藏地/架位号 | 状态 | 备注 |
| 1 | 404880 | 204048805 | 自科二线404/404自科库 15排6列2层/ [索取号:TU238/H967] | 在馆 | |
| 2 | 404881 | 204048814 | 自科二线404/404自科库 15排6列2层/ [索取号:TU238/H967] | 在馆 | |
| 3 | 404882 | 204048823 | 自科二线404/404自科库 15排6列2层/ [索取号:TU238/H967] | 在馆 | |
| 4 | 404883 | 204048832 | 自科二线404/404自科库 15排6列2层/ [索取号:TU238/H967] | 在馆 | |
| 5 | 404884 | 204048841 | 自科二线404/404自科库 15排6列2层/ [索取号:TU238/H967] | 在馆 |